|
|
|
|
| LEADER |
00000nam0a2200000 4500 |
| 001 |
264218 |
| 005 |
20231031222729.0 |
| 010 |
|
|
|a 5020290912
|
| 035 |
|
|
|a (RuTPU)RU\TPU\book\287209
|
| 090 |
|
|
|a 264218
|
| 100 |
|
|
|a 20140617d1988 k y0rusy50 ca
|
| 101 |
0 |
|
|a rus
|
| 102 |
|
|
|a RU
|
| 105 |
|
|
|a y z 001zy
|
| 200 |
1 |
|
|a Методологические проблемы экономической науки
|e сборник научных трудов
|f Академия наук СССР (АН СССР), Сибирское отделение (СО), Институт экономики и организации промышленного производства (ИЭОПП) ; под ред. А. Г. Гранберга
|
| 210 |
|
|
|a Новосибирск
|c Наука
|d 1988
|
| 215 |
|
|
|a 288 с.
|
| 333 |
|
|
|a Исключено из фонда НТБ ТПУ
|
| 702 |
|
1 |
|a Гранберг
|b А. Г.
|4 340
|
| 712 |
0 |
2 |
|a Академия наук СССР (АН СССР)
|b Сибирское отделение (СО)
|b Институт экономики и организации промышленного производства (ИЭОПП)
|c (Новосибирск)
|
| 801 |
|
1 |
|a RU
|b 63413507
|c 20140617
|
| 801 |
|
2 |
|a RU
|b 63413507
|c 20220314
|g RCR
|
| 942 |
|
|
|c BK
|